The Mighty Thor epic collection. 1992-1993. The ... Read More
Available copies
- 2 of 2 copies available at LARL/NWRL Consortium.
Current holds
0 current holds with 2 total copies.
Show Only Available Copies
| Location | Call Number / Copy Notes | Barcode | Shelving Location | Status | Due Date |
|---|---|---|---|---|---|
| Hawley Public Library | Y G MIG (Text) | 33500013436316 | Main | Available | - |
| Moorhead Public Library | Y G MIG (Text) | 33500013436324 | Main | Available | - |
Record details
- ISBN: 1302930885
- ISBN: 9781302930882
- Physical Description: 502 pages : chiefly illustrations ; 26 cm.
- Publisher: New York, NY : Marvel Worldwide, Inc., a subsidiary of Marvel Entertainment, LLC, [2021]
Content descriptions
| General Note: | Contains material originally published in magazine form as Thor (1966) # 451-467 and Thor Corps ... Read More |
| Summary, etc.: | "The true Oldinson has been located at last, and ... Read More |
| Target Audience Note: | T. |
Search for related items by subject
| Subject: | Thor (Fictitious character from Marvel Comics Group) > Comic books, strips, etc. Superheroes > Comic books, strips, etc. Superheroes. |
| Genre: | Comics (Graphic works) |
Search for related items by series
| LDR | 02886cam a2200541Ii 4500 | ||
|---|---|---|---|
| 001 | 372977 | ||
| 003 | LARL_NWRL_CONSORTIUM | ||
| 005 | 20250904171813.0 | ||
| 008 | 201212s2021 nyua 6 000 0 eng d | ||
| 040 | . | ‡aYDX ‡beng ‡cYDX ‡dBDX ‡dKCK ‡dOCLCO ‡dIUK ‡dOCLCF | |
| 020 | . | ‡a1302930885 | |
| 020 | . | ‡a9781302930882 | |
| 035 | . | ‡a(OCoLC)1226565365 | |
| 082 | 0 | 4. | ‡a741.5/973 ‡223 |
| 245 | 0 | 0. | ‡aThe Mighty Thor epic collection. ‡p1992-1993. ‡pThe final gauntlet / ‡cwriters, Tom DeFalco, Ron Frenz, Jim Starlin & Ron Marz ; pencilers, Gary Hartle, Geof Isherwood, Ron Frenz, Bruce Zick & Pat Olliffe with M.C. Wyman. |
| 246 | 3 | 0. | ‡aFinal gauntlet |
| 264 | 1. | ‡aNew York, NY : ‡bMarvel Worldwide, Inc., a subsidiary of Marvel Entertainment, LLC, ‡c[2021] | |
| 300 | . | ‡a502 pages : ‡bchiefly illustrations ; ‡c26 cm. | |
| 336 | . | ‡atext ‡btxt ‡2rdacontent | |
| 336 | . | ‡astill image ‡bsti ‡2rdacontent | |
| 337 | . | ‡aunmediated ‡bn ‡2rdamedia | |
| 338 | . | ‡avolume ‡bnc ‡2rdacarrier | |
| 490 | 0 | . | ‡aMighty Thor. Epic collection ; ‡v20 |
| 500 | . | ‡aContains material originally published in magazine form as Thor (1966) # 451-467 and Thor Corps (1993) #1-4. | |
| 520 | . | ‡a"The true Oldinson has been located at last, and the end of Eric Masterson's time as the God of Thunder draws near--but will Bloodaxe be his executioner? Or will the cost of freeing the original Thor prove too much to bear? Thor shall battle Thor, and a new heroic legacy awaits! Then, a mighty quest begins for the Odinson--but something is not right? Can Beta Ray Bill stand in the way of an increasingly unbalanced Thunder God? Thor brutally battles the Super-Skrull, Drax and Pluto as the Infinity Crusade rocks the Marvel Univers! Plus: Hold your hammers high as the Thor Corps reunites! Can Dargo Ktor, Beta Ray Bill and Thunderstrike put aside thie rdifferences in time to knock Zarrko the Tomorrow Man into next week?"--Back cover. | |
| 521 | 8 | . | ‡aT. |
| 600 | 0 | 0. | ‡aThor ‡c(Fictitious character from Marvel Comics Group) ‡vComic books, strips, etc. |
| 650 | 0. | ‡aSuperheroes ‡vComic books, strips, etc. | |
| 650 | 7. | ‡aSuperheroes. ‡2fast ‡0(LARL_NWRL_CONSORTIUM)177502 | |
| 655 | 7. | ‡aComics (Graphic works) ‡2fast | |
| 700 | 1 | . | ‡aDeFalco, Tom, ‡eauthor. ‡0(LARL_NWRL_CONSORTIUM)99607 |
| 700 | 1 | . | ‡aFrenz, Ron, ‡eauthor, ‡eartist. ‡0(LARL_NWRL_CONSORTIUM)185264 |
| 700 | 1 | . | ‡aStarlin, Jim, ‡eauthor. ‡0(LARL_NWRL_CONSORTIUM)91549 |
| 700 | 1 | . | ‡aMarz, Ron, ‡eauthor. ‡0(LARL_NWRL_CONSORTIUM)115171 |
| 700 | 1 | . | ‡aHartle, Gary, ‡eartist. |
| 700 | 1 | . | ‡aIsherwood, Geof, ‡d1960- ‡eartist. |
| 700 | 1 | . | ‡aZick, Bruce, ‡eartist. |
| 700 | 1 | . | ‡aOlliffe, Pat, ‡eartist. ‡0(LARL_NWRL_CONSORTIUM)206354 |
| 700 | 1 | . | ‡aWyman, M. C., ‡eartist. |
| 901 | . | ‡a372977 ‡b ‡c372977 ‡tbiblio | |

Add to basket
Permalink
Disable Highlighting